Bank management & financial services

'Bank Management & Financial Services' is designed to help students master established management principles and to confront the perplexing issues of risk, regulation, technology, and competition that bankers and other financial-service managers see as their greatest challenges for the...

Ful tanımlama

Kaydedildi:
Detaylı Bibliyografya
Yazar: Rose, Peter S.
Materyal Türü: Kitap
Dil:Undetermined
Baskı/Yayın Bilgisi: New York, NY McGraw-Hill 2013
Konular:
Etiketler: Etiketle
Etiket eklenmemiş, İlk siz ekleyin!
Thư viện lưu trữ: Trung tâm Học liệu Trường Đại học Cần Thơ
LEADER 00922nam a2200217Ia 4500
001 CTU_186962
008 210402s9999 xx 000 0 und d
020 |c 5449000 
082 |a 332.1068 
082 |b R795 
100 |a Rose, Peter S. 
245 0 |a Bank management & financial services 
245 0 |c Peter S. Rose, Sylvia C. Hudgins 
260 |a New York, NY 
260 |b McGraw-Hill 
260 |c 2013 
520 |a 'Bank Management & Financial Services' is designed to help students master established management principles and to confront the perplexing issues of risk, regulation, technology, and competition that bankers and other financial-service managers see as their greatest challenges for the present and future. 
650 |a Financial services industry,Kinh doanh dịch vụ tài chính 
650 |z United States 
910 |a Hải 
980 |a Trung tâm Học liệu Trường Đại học Cần Thơ